000
00332nam a2200133Ia 4500
008
230511s2004 xx 000 0 und d
041
_a
eng
082
_a
344.01
100
_a
Patel D A
245
_a
Law of Industrial Disputes
260
_a
Pune
_b
Hind Law House
_c
2004
300
_a
275
906
_a
Labour and Industrial Laws
999
_c
351490
_d
351490